000
00251nam a22001097a 4500
003
OSt
008
220826b |||||||| |||| 00| 0 eng d
082
_a
631.587
_b
LUT/DR
100
_a
Luthin, James N.
_9
5247
245
_a
Drainage engineering
942
_c
BK
999
_c
17549
_d
17549